PRODUCTION AND OPERATIONS MANAGEMENT (Record no. 25716)

MARC details
000 -LEADER
fixed length control field 00352nam a22001577a 4500
003 - CONTROL NUMBER IDENTIFIER
control field SGT
020 ## - INTERNATIONAL STANDARD BOOK NUMBER
International Standard Book Number 978-81-203-4555-3
082 ## - DEWEY DECIMAL CLASSIFICATION NUMBER
Classification number 658.5
Item number PAN
100 ## - MAIN ENTRY--PERSONAL NAME
Personal name PANNEERSELVAM, R.
245 ## - TITLE STATEMENT
Title PRODUCTION AND OPERATIONS MANAGEMENT
250 ## - EDITION STATEMENT
Edition statement 3RD
260 ## - PUBLICATION, DISTRIBUTION, ETC. (IMPRINT)
Place of publication, distribution, etc INDIA
Name of publisher, distributor, etc PHI PUB.
Year of Publication 2023
300 ## - PAGE DESCRIPTION
No. of Pages 700
650 ## - SUBJECT ADDED ENTRY--TOPICAL TERM
Topical term or geographic name as entry element MANAGEMENT
942 ## - ADDED ENTRY ELEMENTS (KOHA)
Source of classification or shelving scheme Dewey Decimal Classification
Koha item type Books
Holdings
Withdrawn status Lost status Source of classification or shelving scheme Damaged status Not for loan Home library Current library Shelving location Date acquired Vendor Name Cost, normal purchase price SGTU Bill Number Total Checkouts Full call number Accession No. (Barcode) Date last seen Bill Date Koha item type
    Dewey Decimal Classification     SGT Science & Social Sciences Library SGT Science & Social Sciences Library Text Book 22/02/2024 BIRJWASI 1000.00 SGTU BW/000108   658.5 PAN AG2509 22/02/2024   Books
    Dewey Decimal Classification     SGT Science & Social Sciences Library SGT Science & Social Sciences Library Text Book 22/02/2024 BIRJWASI 1000.00 SGTU BW/000108   658.5 PAN AG2510 22/02/2024   Books
    Dewey Decimal Classification   Not For Loan SGT Science & Social Sciences Library SGT Science & Social Sciences Library Reference Book 22/02/2024 BIRJWASI 1000.00 SGTU BW/000108   658.5 PAN AG2511 22/02/2024   Books
    Dewey Decimal Classification     SGT Science & Social Sciences Library SGT Science & Social Sciences Library Text Book 22/02/2024 BIRJWASI 1000.00 SGTU BW/000108   658.5 PAN AG2512 22/02/2024   Books